[Event "London Classic FIDE Open"]
[Site "London ENG"]
[Date "2011.12.09"]
[Round "7"]
[White "Player, Edmund C"]
[Black "Warman, Simon M"]
[Result "1-0"]
[WhiteElo "2199"]
[BlackElo "2056"]
[WhiteFideId "406520"]
[BlackFideId "408867"]
[EventDate "2011.12.03"]

1. e4 c5 2. Nc3 e6 3. Nf3 a6 4. g3 Nc6 5. Bg2 Nf6 6. O-O Be7 7. d4 cxd4 8. Nxd4
O-O 9. Re1 Qc7 10. Be3 Ne5 11. h3 Nc4 12. Bc1 Bb4 13. Nde2 d5 14. exd5 Rd8 15.
a3 Bc5 16. b3 Nb6 17. Bf4 e5 18. Bg5 Be7 19. Bxf6 Bxf6 20. Qd3 g6 21. Rad1 Bf5
22. d6 Qc8 23. Ne4 Be7 24. Qe3 Qxc2 25. Rd2 Nd5 26. Rxd5 Qb2 27. dxe7 1-0

[Event "London Classic FIDE Open"]
[Site "London ENG"]
[Date "2011.12.09"]
[Round "7"]
[White "Gant, Chris J"]
[Black "Gschwendtner, Stanislav"]
[Result "1-0"]
[WhiteTitle "FM"]
[WhiteElo "2194"]
[BlackElo "2011"]
[WhiteFideId "403946"]
[BlackFideId "307297"]
[EventDate "2011.12.03"]

1. d4 Nf6 2. c4 g6 3. Nc3 d5 4. Nf3 Bg7 5. Qb3 dxc4 6. Qxc4 O-O 7. e4 a6 8. Bf4
b5 9. Qxc7 Qxc7 10. Bxc7 Bb7 11. e5 Nd5 12. Nxd5 Bxd5 13. Be2 Nc6 14. O-O Rac8
15. Bb6 Nb4 16. Bc5 Nxa2 17. Bd3 Rxc5 18. dxc5 Rc8 19. Rfe1 Bh6 20. Be4 Bc4 21.
Nd4 Nb4 22. b3 Bd3 23. Bxd3 Nxd3 24. Re2 Rxc5 25. g3 Nxe5 26. Rxa6 Rd5 27. Nc6
Nxc6 28. Rxc6 e6 29. Rb6 Bf8 30. Rb8 Kg7 31. Kg2 h5 32. h3 Ba3 33. Ra2 b4 34.
Re2 e5 35. Rc8 g5 36. Rcc2 f6 37. Red2 Rb5 38. Rd7+ Kg6 39. Rd6 e4 40. g4 hxg4
41. hxg4 Rb7 42. Re6 Rd7 43. Rxe4 Rd3 44. Re3 Rd4 45. Rc4 Rd7 46. Kf3 Rb7 47.
Ree4 Rb6 48. Rc5 Bb2 49. Rec4 Be5 50. Rc6 Rb5 51. R4c5 Rxc5 52. Rxc5 Bd6 53. Rc6
Bf4 54. Ke4 Bd2 55. f3 Be1 56. Kd5 Bc3 57. Ke6 Be1 58. Rc8 Bc3 59. Rg8+ Kh7 60.
Kf7 1-0

[Event "London Classic FIDE Open"]
[Site "London ENG"]
[Date "2011.12.09"]
[Round "7"]
[White "O'Toole, George E"]
[Black "Shweta, Gole"]
[Result "1-0"]
[WhiteElo "2189"]
[BlackElo "1999"]
[WhiteFideId "412732"]
[BlackFideId "5068487"]
[EventDate "2011.12.03"]

1. e4 e6 2. d4 d5 3. Nd2 Nf6 4. e5 Nfd7 5. Bd3 c5 6. c3 Nc6 7. Ngf3 Be7 8. O-O
g5 9. dxc5 Ndxe5 10. Nxe5 Nxe5 11. Nb3 Nxd3 12. Qxd3 e5 13. Qe2 Qc7 14. Re1 e4
15. c4 Be6 16. Nd4 h5 17. b4 Bf6 18. Nb5 Qe7 19. Nd6+ Kf8 20. Rb1 g4 21. Bf4 Kg8
22. cxd5 Bxd5 23. Rbd1 Qe6 24. Qd2 Bc4 25. Rxe4 Qd5 26. Qxd5 Bxd5 27. Rxd5 1-0

[Event "London Classic FIDE Open"]
[Site "London ENG"]
[Date "2011.12.09"]
[Round "7"]
[White "Wallace, Paul"]
[Black "Srija, Seshadri"]
[Result "1-0"]
[BlackTitle "WFM"]
[WhiteElo "2229"]
[BlackElo "1926"]
[WhiteFideId "2500892"]
[BlackFideId "5055903"]
[EventDate "2011.12.03"]

1. e4 e5 2. Nf3 Nc6 3. Bb5 a6 4. Ba4 Nf6 5. O-O b5 6. Bb3 Bc5 7. c3 d6 8. a4 Rb8
9. d4 Bb6 10. axb5 axb5 11. Qd3 Bd7 12. Na3 O-O 13. Nxb5 exd4 14. Nbxd4 Ne5 15.
Nxe5 dxe5 16. Nf3 Bxf2+ 17. Rxf2 Rxb3 18. Bg5 Be6 19. Qc2 Qd6 20. Bxf6 gxf6 21.
Nd2 Rbb8 22. Nf1 Rfd8 23. Ng3 Bg4 24. Raf1 Rb6 25. Qc1 Qc5 26. h3 Rd3 27. Kh2
Bd1 28. Rxd1 Rxd1 29. Qxd1 Qxf2 30. Qg4+ Kf8 31. Qc8+ Kg7 32. Nf5+ Qxf5 33. exf5
Rxb2 34. Qxc7 Rf2 35. c4 Rxf5 36. c5 e4 37. Qg3+ Kf8 38. c6 Ke7 39. Qc7+ 1-0

[Event "London Classic FIDE Open"]
[Site "London ENG"]
[Date "2011.12.09"]
[Round "7"]
[White "Ethelontis, Alexandros N"]
[Black "Hoegener, Claude"]
[Result "1-0"]
[WhiteElo "2186"]
[BlackElo "2028"]
[WhiteFideId "405469"]
[BlackFideId "4000978"]
[EventDate "2011.12.03"]

1. c4 e6 2. g3 d5 3. Bg2 Nf6 4. Nf3 Be7 5. O-O O-O 6. d4 dxc4 7. Na3 Bxa3 8.
bxa3 c6 9. a4 a6 10. Ba3 Re8 11. Ne5 c3 12. Rc1 Nbd7 13. Nc4 Qc7 14. Rxc3 Nb6
15. e4 Nxc4 16. Rxc4 Qd7 17. Qc2 e5 18. dxe5 Rxe5 19. Rd1 Qg4 20. Bb2 Re8 21. e5
Bf5 22. Qc1 Qe2 23. exf6 Rad8 24. Rcd4 Rxd4 25. Bxd4 gxf6 26. Bxf6 1-0

[Event "London Classic FIDE Open"]
[Site "London ENG"]
[Date "2011.12.09"]
[Round "7"]
[White "Josse, Mark"]
[Black "De Coverly, Roger D"]
[Result "1-0"]
[WhiteElo "2162"]
[BlackElo "2027"]
[WhiteFideId "414476"]
[BlackFideId "405213"]
[EventDate "2011.12.03"]

1. e4 e5 2. Nf3 Nc6 3. d4 exd4 4. Nxd4 Bb4+ 5. c3 Be7 6. Bc4 Nf6 7. Nxc6 bxc6 8.
e5 Ne4 9. Nd2 Nc5 10. b4 Ne6 11. O-O d5 12. Bd3 a5 13. f4 axb4 14. cxb4 Bxb4 15.
Bb2 Nc5 16. Bc2 d4 17. a3 Bc3 18. Bxc3 dxc3 19. Ne4 Qxd1 20. Rfxd1 Nxe4 21. Bxe4
O-O 22. a4 Ra5 23. Bxc6 Rc5 24. Bf3 c2 25. Rdc1 Rd8 26. Kf2 Rd4 27. Ke3 Rdc4 28.
a5 Ba6 29. Be2 Rc3+ 30. Kd2 Bb7 31. g3 Ba8 32. a6 g5 33. Bd3 gxf4 34. gxf4 Kg7
35. Ra2 Rb3 36. Rcxc2 Rd5 37. Rc3 Rb4 38. Ke3 Rdd4 39. Rf2 Be4 40. Ra2 Ba8 41.
Rxc7 Rxf4 42. Rf2 Rxf2 43. Kxf2 Bd5 44. Rc5 Ba8 45. Rc8 Bd5 46. Rd8 Bc6 47. Rd6
Ba8 48. Rd7 Bc6 49. e6 Bxd7 50. exd7 Rd4 51. Bb5 1-0

[Event "London Classic FIDE Open"]
[Site "London ENG"]
[Date "2011.12.09"]
[Round "7"]
[White "Tozer, Philip A A"]
[Black "Johansen, Stian"]
[Result "1-0"]
[WhiteElo "2159"]
[BlackElo "2012"]
[WhiteFideId "419982"]
[BlackFideId "1508121"]
[EventDate "2011.12.03"]

1. c4 Nf6 2. g3 g6 3. Bg2 Bg7 4. Nc3 c5 5. Nf3 Nc6 6. d4 cxd4 7. Nxd4 O-O 8. O-O
Nxd4 9. Qxd4 d6 10. Qd3 Qc7 11. b3 Be6 12. Be3 Rfd8 13. Rac1 Bf5 14. Qd2 Qd7 15.
Bd4 e5 16. Be3 Ne8 17. Rfd1 Bh3 18. Bh1 Be6 19. Ne4 f5 20. Ng5 Nf6 21. Nxe6 Qxe6
22. Bxb7 Rab8 23. Bd5 Nxd5 24. Qxd5 Kf7 25. Bxa7 Ra8 26. Bb6 Rd7 27. Rc2 Qxd5
28. Rxd5 Ke6 29. a4 Rb7 30. a5 Ra6 31. Rcd2 Bf8 32. b4 Raxb6 33. axb6 Rxb6 34.
b5 e4 35. Ra2 Rb7 36. Ra4 Be7 37. Rd2 Bd8 38. c5 Bc7 39. cxd6 Bxd6 40. Ra6 Rd7
41. Rc6 Ke7 42. b6 1-0

[Event "London Classic FIDE Open"]
[Site "London ENG"]
[Date "2011.12.09"]
[Round "7"]
[White "Doran, Chris"]
[Black "Williamson, Roger G"]
[Result "0-1"]
[WhiteElo "2011"]
[BlackElo "2157"]
[WhiteFideId "503835"]
[BlackFideId "414620"]
[EventDate "2011.12.03"]

1. e4 e5 2. Nf3 Nc6 3. Bb5 a6 4. Ba4 Nf6 5. O-O Be7 6. Re1 b5 7. Bb3 d6 8. c3
O-O 9. h3 Na5 10. Bc2 c5 11. d4 Qc7 12. Nbd2 Be6 13. d5 Bd7 14. Nf1 c4 15. Ng3
g6 16. Bg5 Nb7 17. Qd2 Rfb8 18. Nh2 Qd8 19. Rf1 Nxd5 20. Bxe7 Nxe7 21. f4 exf4
22. Qxf4 Qf8 23. Rf2 Nc6 24. Nf3 Qg7 25. Raf1 Rf8 26. h4 Ne5 27. Nxe5 Qxe5 28.
Qe3 f6 29. h5 Kg7 30. Rf4 Qc5 31. Qxc5 Nxc5 32. Rd1 Nb7 33. hxg6 hxg6 34. e5 f5
35. exd6 Rfe8 36. Kf2 Rac8 37. Ne2 Rc6 38. Rfd4 Re6 39. g4 Rexd6 40. gxf5 gxf5
41. Ng3 Kf6 42. Nh5+ Kf7 43. Ng3 Kf6 44. Nh5+ Ke7 45. Re1+ Kf8 46. Rf4 Rd2+ 47.
Re2 Rxe2+ 48. Kxe2 Rc5 49. Ke3 Be6 50. Ng3 Nd6 51. Rd4 Ke7 52. Kf4 a5 53. a3 b4
54. axb4 axb4 55. Rd2 Rb5 56. cxb4 Rxb4 57. Bd1 c3+ 0-1

[Event "London Classic FIDE Open"]
[Site "London ENG"]
[Date "2011.12.09"]
[Round "7"]
[White "Calder, Dennis"]
[Black "Quinn, John M"]
[Result "1/2-1/2"]
[WhiteElo "1953"]
[BlackElo "2151"]
[WhiteFideId "4697359"]
[BlackFideId "405043"]
[EventDate "2011.12.03"]

1. d4 c6 2. Nf3 g6 3. c4 Nf6 4. Nc3 Bg7 5. e4 d6 6. g3 O-O 7. h3 a6 8. Bg2 b5 9.
O-O bxc4 10. Qa4 d5 11. exd5 cxd5 12. Ne5 Ra7 13. Bg5 Be6 14. b3 cxb3 15. axb3
Rc7 16. Rac1 Qc8 17. Qa5 Qb7 18. Nxd5 Nxd5 19. Bxd5 Qxd5 20. Qxd5 Bxd5 21. Rxc7
f6 22. Nd7 Nxd7 23. Rxd7 Be6 24. Rxe7 Bxh3 25. Be3 Bxf1 26. Kxf1 Rb8 27. Ra7
Rxb3 28. Rxa6 Rb7 29. Ke2 Kf7 30. Kf3 Rd7 31. Ke4 f5+ 32. Kd3 g5 33. Bxg5 Rxd4+ 1/2-1/2

[Event "London Classic FIDE Open"]
[Site "London ENG"]
[Date "2011.12.09"]
[Round "7"]
[White "Murray, David"]
[Black "Obiamiwe, Paul"]
[Result "1-0"]
[WhiteElo "2133"]
[BlackElo "2001"]
[WhiteFideId "2501511"]
[BlackFideId "8500215"]
[EventDate "2011.12.03"]

1. e4 e5 2. Nf3 Nc6 3. Bc4 Nf6 4. d3 Be7 5. Nbd2 d6 6. c3 a6 7. Nf1 O-O 8. Ng3
Na5 9. Bb3 Nxb3 10. axb3 Re8 11. O-O c6 12. Re1 Qc7 13. c4 h6 14. Be3 Ng4 15.
Bd2 Bf8 16. Nh4 Nf6 17. h3 g6 18. Qf3 Qe7 19. Qe3 Ng4 20. Nxg6 fxg6 21. hxg4
Bxg4 22. Nf1 Qh4 23. Qb6 Re7 24. Re3 Rf7 25. Rg3 Kh7 26. Nh2 Be6 27. b4 Qd8 28.
Qe3 Qh4 29. b5 cxb5 30. cxb5 Qf4 31. Nf1 Qxe3 32. Nxe3 Be7 33. Nc4 Bh4 34. Rf3
Rxf3 35. gxf3 Bxc4 36. dxc4 Be7 37. b4 Kg7 38. bxa6 bxa6 39. b5 Bd8 40. Rxa6 Rc8
41. Rxd6 Bh4 42. b6 Be7 43. b7 Rb8 44. Rb6 h5 45. Bc3 Bf6 46. f4 Kf7 47. Rxf6+ 1-0

[Event "London Classic FIDE Open"]
[Site "London ENG"]
[Date "2011.12.09"]
[Round "7"]
[White "Sagues, Vincent"]
[Black "Pedersen, Carsten"]
[Result "0-1"]
[WhiteElo "1952"]
[BlackElo "2133"]
[WhiteFideId "625680"]
[BlackFideId "1409760"]
[EventDate "2011.12.03"]

1. e4 e6 2. d4 d5 3. Nd2 Nf6 4. e5 Nfd7 5. Bd3 c5 6. c3 Nc6 7. Ne2 cxd4 8. cxd4
f6 9. exf6 Nxf6 10. Nf3 Bd6 11. O-O Qc7 12. Nc3 a6 13. Bg5 O-O 14. Rc1 h6 15.
Bh4 Nh5 16. Bb1 Qf7 17. Bg3 Nxg3 18. fxg3 g5 19. Qd3 Qg7 20. g4 Bd7 21. Rce1 Rf4
22. Ne2 Rf7 23. Ng3 Bxg3 24. hxg3 Raf8 25. Qg6 Qxg6 26. Bxg6 Rf6 27. Bb1 Be8 28.
Re3 Nxd4 29. Rfe1 Rxf3 30. gxf3 Nxf3+ 31. Kf2 Nxe1+ 32. Kxe1 Rf6 33. Bc2 Kf7 34.
Bb3 Bc6 35. Ke2 Ke7 36. a4 Kd6 37. Bc2 d4 38. Ra3 a5 39. Ra1 Bf3+ 40. Kd3 e5 41.
Bd1 Bxd1 42. Rxd1 Kd5 43. Rc1 Rf3+ 44. Ke2 Rxg3 45. Rc7 Rb3 46. Rh7 Ke4 47. Rxh6
Rxb2+ 48. Kd1 Rg2 49. Rh3 d3 50. Ke1 Kd4 51. Kd1 e4 52. Rh1 Ra2 53. Rh7 Ra1+ 0-1

[Event "London Classic FIDE Open"]
[Site "London ENG"]
[Date "2011.12.09"]
[Round "7"]
[White "Duncan, Patrick C M"]
[Black "Calvert, D Ian"]
[Result "1/2-1/2"]
[WhiteElo "2125"]
[BlackElo "1947"]
[WhiteFideId "405787"]
[BlackFideId "406368"]
[EventDate "2011.12.03"]

1. b3 Nf6 2. Bb2 g6 3. Bxf6 exf6 4. c4 d5 5. cxd5 Qxd5 6. Nc3 Qd8 7. Nf3 Ba3 8.
Nb5 Be7 9. Qc2 c6 10. Nc3 O-O 11. e3 Nd7 12. Be2 Ne5 13. d4 Nxf3+ 14. Bxf3 Be6
15. O-O Qd7 16. a3 Bg4 17. Bxg4 Qxg4 18. Ne4 f5 19. Nc5 Bxc5 20. Qxc5 f4 21. f3
Qe6 22. Qe5 Qxe5 23. dxe5 fxe3 24. Rfe1 Rad8 1/2-1/2

[Event "London Classic FIDE Open"]
[Site "London ENG"]
[Date "2011.12.09"]
[Round "7"]
[White "Fields, Francis E"]
[Black "McKenna, Jason P"]
[Result "0-1"]
[WhiteElo "1897"]
[BlackElo "2110"]
[WhiteFideId "409367"]
[BlackFideId "403857"]
[EventDate "2011.12.03"]

1. Nf3 g6 2. d4 Bg7 3. e4 d6 4. Nc3 Nf6 5. Bf4 Nbd7 6. Qd2 c5 7. Bh6 Bxh6 8.
Qxh6 cxd4 9. Nxd4 Qa5 10. Nb3 Qb6 11. O-O-O Qxf2 12. Bb5 Ng4 13. Rd2 Nxh6 14.
Rxf2 Ng4 15. Rd2 a6 16. Be2 Ngf6 17. g4 h6 18. Nd4 Nc5 19. Bf3 Bxg4 20. Bxg4
Nxg4 21. Nd5 Rc8 22. h3 Ne5 23. Re2 e6 24. Nf6+ Ke7 25. Rf1 h5 26. Re3 g5 27.
Nf3 Kxf6 0-1

[Event "London Classic FIDE Open"]
[Site "London ENG"]
[Date "2011.12.09"]
[Round "7"]
[White "Aryan, Chopra"]
[Black "Skutta, Bernd"]
[Result "1-0"]
[WhiteElo "1836"]
[BlackElo "2098"]
[WhiteFideId "5084423"]
[BlackFideId "4666950"]
[EventDate "2011.12.03"]

1. e4 d6 2. d4 Nf6 3. Nc3 g6 4. Be3 c6 5. f3 b5 6. Qd2 Bb7 7. O-O-O Nbd7 8. g4
b4 9. Nce2 a5 10. h4 Nb6 11. Ng3 h5 12. g5 Nfd7 13. f4 Bg7 14. f5 Qc7 15. Nh3 c5
16. fxg6 fxg6 17. Nf4 Nf8 18. dxc5 dxc5 19. Kb1 Qe5 20. Bb5+ Kf7 21. Qc1 Kg8 22.
Rhg1 Ba6 23. Bxa6 Rxa6 24. Nd3 Qc7 25. Nxc5 Ra8 26. Nb3 a4 27. Bxb6 Qxb6 28. Qd2
Kh7 29. Nc1 Ne6 30. Nxh5 gxh5 31. g6+ Kg8 32. Qd5 Rc8 33. Nd3 Qc6 34. Nxb4 Qxd5
35. exd5 Nf4 36. Rdf1 Be5 37. Nc6 Bd6 38. Nxe7+ Bxe7 39. Rxf4 a3 40. Re4 Bf6 41.
b3 Kg7 42. Rge1 Rcd8 43. c4 Rhf8 44. Kc2 Bb2 45. Re7+ Kxg6 46. Rg1+ Kh6 47. Re3
Rf6 48. Re2 Rdf8 49. b4 Rf4 50. Re6+ R8f6 51. Rxf6+ Bxf6 52. Kb3 Rf3+ 53. Ka4
Bxh4 54. c5 Bg3 55. d6 h4 56. d7 Rd3 57. c6 Bc7 58. Rg8 h3 59. Kb5 h2 60. Rh8+
Kg7 61. Rh4 Rd1 62. Ka6 h1=Q 63. Rxh1 Rxh1 64. Kb7 Bd8 65. Kc8 Rh8 66. c7 1-0

[Event "London Classic FIDE Open"]
[Site "London ENG"]
[Date "2011.12.09"]
[Round "7"]
[White "Barton, R Alan"]
[Black "Pleininger, Rudolf"]
[Result "0-1"]
[WhiteElo "2073"]
[BlackElo "1939"]
[WhiteFideId "404233"]
[BlackFideId "1305999"]
[EventDate "2011.12.03"]

1. d4 Nf6 2. Nf3 e6 3. g3 c5 4. Bg2 Nc6 5. O-O cxd4 6. Nxd4 Qb6 7. Nxc6 bxc6 8.
c4 Ba6 9. b3 d5 10. cxd5 cxd5 11. Bb2 Be7 12. Nc3 O-O 13. Na4 Qa5 14. Bc3 Qb5
15. Re1 Rfd8 16. Qd4 Bd6 17. f4 Rac8 18. Kh1 Qd7 19. Bf3 Bb5 20. Ba5 Re8 21. Nc3
e5 22. fxe5 Bxe5 23. Qd2 Bc6 24. Rac1 d4 25. Nd1 Ne4 26. Qd3 Nxg3+ 27. Kg1 Bxf3
28. Rxc8 Nxe2+ 29. Kf2 Qxc8 30. Qxf3 d3 31. Bd2 Re6 32. Qxd3 Rf6+ 33. Kxe2 Qg4+
34. Ke3 Qf3# 0-1

[Event "London Classic FIDE Open"]
[Site "London ENG"]
[Date "2011.12.09"]
[Round "7"]
[White "Forsa, Elise"]
[Black "Kristinsson, Bjarni Jens"]
[Result "0-1"]
[WhiteElo "1728"]
[BlackElo "2045"]
[WhiteFideId "1500163"]
[BlackFideId "2302950"]
[EventDate "2011.12.03"]

1. e4 c5 2. Nf3 d6 3. d4 cxd4 4. Nxd4 Nf6 5. Nc3 a6 6. Be3 e5 7. Nb3 Be6 8. f3
h5 9. Qd2 Nbd7 10. O-O-O Rc8 11. Kb1 Be7 12. h3 Qc7 13. Bd3 Nc5 14. Rhe1 h4 15.
f4 Nxd3 16. Qxd3 Bc4 17. Qd2 O-O 18. Qf2 b5 19. Bc1 b4 20. Nd5 Nxd5 21. exd5 a5
22. Qf3 a4 23. Nd2 Bb5 24. Qe4 f5 25. Qe3 Qxc2+ 26. Ka1 e4 27. Nxe4 fxe4 28.
Qxe4 Qxe4 29. Rxe4 Bf6 30. Rxb4 Be2 31. Re1 a3 32. Rb3 Rxc1+ 33. Rxc1 axb2+ 34.
Rxb2 Rb8 35. Rc2 Bf1 36. a4 Rxb2 37. Rxb2 Bxg2 38. a5 Bxd5 39. a6 Bc6 40. a7 Kf7
41. Kb1 Bxb2 42. Kxb2 Ke6 43. Kc3 Kf5 44. Kd3 Kxf4 0-1

[Event "London Classic FIDE Open"]
[Site "London ENG"]
[Date "2011.12.09"]
[Round "7"]
[White "Boger, Raymond"]
[Black "Seymour, Timothy P"]
[Result "0-1"]
[WhiteElo "1959"]
[BlackElo "2033"]
[WhiteFideId "1507419"]
[BlackFideId "412112"]
[EventDate "2011.12.03"]

1. c4 f5 2. g3 Nf6 3. Bg2 g6 4. Nc3 Bg7 5. d3 O-O 6. e4 fxe4 7. dxe4 d6 8. Nge2
c5 9. O-O Nc6 10. h3 e5 11. Nd5 Be6 12. Be3 Qd7 13. Kh2 Nd4 14. Nec3 Rf7 15.
Nxf6+ Bxf6 16. Qd2 Bxc4 17. Nd5 Bxf1 18. Rxf1 Bg7 19. Qd1 Qb5 20. Bxd4 cxd4 21.
b4 Bh6 22. h4 Rc8 23. Qg4 Qe8 24. Bh3 Rc1 25. Rxc1 Bxc1 26. Qe6 Qf8 27. Nf6+ Kh8
28. Nd7 Rxf2+ 29. Kg1 Qf3 0-1

[Event "London Classic FIDE Open"]
[Site "London ENG"]
[Date "2011.12.09"]
[Round "7"]
[White "Reppen, Ellisiv"]
[Black "Lenier, Jude A"]
[Result "1-0"]
[WhiteElo "1949"]
[BlackElo "2030"]
[WhiteFideId "1504959"]
[BlackFideId "470678"]
[EventDate "2011.12.03"]

1. e4 e5 2. Nf3 Nc6 3. Bb5 a6 4. Ba4 Nf6 5. d3 b5 6. Bb3 Be7 7. c3 O-O 8. O-O d5
9. Qe2 Bg4 10. h3 Be6 11. Rd1 Re8 12. Ng5 Qd7 13. f4 Bc5+ 14. Kh1 exf4 15. d4 f3
16. gxf3 Bxh3 17. Qh2 Bd6 18. Qxh3 Qxh3+ 19. Nxh3 dxe4 20. Ng5 exf3 21. Bxf7+
Kf8 22. Bxe8 Rxe8 23. Nxf3 Ng4 24. Re1 1-0

[Event "London Classic FIDE Open"]
[Site "London ENG"]
[Date "2011.12.09"]
[Round "7"]
[White "Wood, Peter R"]
[Black "Andreev, Peter"]
[Result "1/2-1/2"]
[WhiteElo "2027"]
[BlackElo "1914"]
[WhiteFideId "422215"]
[BlackFideId "406350"]
[EventDate "2011.12.03"]

1. e4 c5 2. Ne2 Nc6 3. Nbc3 g6 4. g3 Bg7 5. Bg2 d6 6. d3 e5 7. O-O Nge7 8. Be3
Nd4 9. Qd2 O-O 10. Nd5 Nxd5 11. exd5 Nf5 12. Nc3 Nxe3 13. Qxe3 Bd7 14. a4 b6 15.
Ne4 Qe7 16. Qg5 f6 17. Qh4 g5 18. Qh5 Bf5 19. Bh3 Bxh3 20. Qxh3 f5 21. Nc3 Qf7
22. g4 e4 23. gxf5 Bxc3 24. bxc3 Qxd5 25. Rae1 Rae8 26. Re3 Rxf5 27. Rfe1 Rf4
28. c4 Qf7 29. Qg2 Qf6 30. h3 Rf8 31. R1e2 exd3 32. cxd3 Rf5 33. Re8 Rxe8 34.
Rxe8+ Kf7 35. Qa8 Kg6 36. Qe4 Kf7 37. Re7+ Qxe7 38. Qxf5+ Kg7 39. Kg2 a5 40. Qd5
Kg6 41. Qc6 Qd8 42. Qe4+ Kg7 43. Qb7+ Kg8 44. Qd5+ Kf8 45. Qc6 Kf7 46. Qd5+ Kg7
47. Qb7+ Kh8 48. Qf7 h6 49. Kg1 Qg8 50. Qf6+ Kh7 51. Qxd6 Qg6 52. Qc7+ 1/2-1/2

[Event "London Classic FIDE Open"]
[Site "London ENG"]
[Date "2011.12.09"]
[Round "7"]
[White "Heaton, Paul"]
[Black "Marchant, Geoffrey"]
[Result "1/2-1/2"]
[WhiteElo "2026"]
[BlackElo "1880"]
[WhiteFideId "411116"]
[BlackFideId "470759"]
[EventDate "2011.12.03"]

1. c4 e5 2. g3 Nf6 3. Bg2 d5 4. cxd5 Nxd5 5. Nc3 Nb6 6. Nf3 Nc6 7. O-O Be7 8. a3
O-O 9. b4 Be6 10. Bb2 Nc4 11. Bc1 a5 12. b5 Nd4 13. d3 Nd6 14. Rb1 f6 15. Nxd4
exd4 16. Nd5 Rc8 17. a4 c5 18. bxc6 bxc6 19. Nf4 Bf7 20. Bh3 f5 21. e3 g6 22.
exd4 Bf6 23. Be3 Ne8 24. d5 cxd5 25. Bb6 Qd7 26. Bxa5 Ra8 27. Bb4 Be7 28. Bxe7
Qxe7 29. Ra1 Ra5 30. Qd2 Qa7 31. Bg2 Nf6 32. Qc3 d4 33. Qc6 Bb3 34. Rab1 Ra6 35.
Qb5 Rb8 36. Qe5 Re8 37. Qb5 Rb8 38. Rxb3 Rxb5 39. axb5 Rb6 40. Nd5 Nxd5 41.
Bxd5+ Kg7 42. Rc1 Qd7 43. Bc4 f4 44. Kg2 Qb7+ 45. f3 fxg3 46. hxg3 g5 47. Re1 g4
48. Re4 gxf3+ 49. Kxf3 Rf6+ 50. Kg2 Rg6 51. b6 Rg5 52. Rb5 Rxb5 53. Bxb5 Qxb6
54. Bc4 Qc6 55. Kf2 Qc5 1/2-1/2

[Event "London Classic FIDE Open"]
[Site "London ENG"]
[Date "2011.12.09"]
[Round "7"]
[White "Fransson, Angelina"]
[Black "Svaralova, Monika"]
[Result "1-0"]
[WhiteElo "1940"]
[BlackElo "2025"]
[WhiteFideId "1712632"]
[BlackFideId "14927420"]
[EventDate "2011.12.03"]

1. e4 e6 2. d3 d5 3. Nd2 Nf6 4. Ngf3 c5 5. g3 b6 6. c3 Bb7 7. e5 Nfd7 8. d4 Nc6
9. Be2 f6 10. exf6 Nxf6 11. O-O Bd6 12. Ng5 e5 13. dxe5 Nxe5 14. f4 Ned7 15. Re1
O-O 16. Ne6 Qc8 17. Nxf8 Nxf8 18. Bf3 c4 19. Nf1 Bc5+ 20. Be3 N8d7 21. Kg2 Ne4
22. Bd4 Qe8 23. Qa4 Qf7 24. Rad1 a6 25. Ne3 Rf8 26. Bxe4 dxe4 27. Qxc4 Qxc4 28.
Nxc4 e3+ 29. Kg1 Bf3 30. Rd3 Bd5 31. Nxe3 Bxa2 32. Bxc5 Nxc5 33. Rd6 Rf6 34.
Rxf6 gxf6 35. Nf5 Be6 36. Nd4 Bf7 37. Re7 Kf8 38. Ra7 a5 39. b4 Ne4 40. bxa5
bxa5 41. Rxa5 Nxc3 42. Ra7 h5 43. Kf2 Kg7 44. Nf5+ Kg6 45. Nd6 Be6 46. Ke3 Nd5+
47. Kd4 h4 48. f5+ 1-0

[Event "London Classic FIDE Open"]
[Site "London ENG"]
[Date "2011.12.09"]
[Round "7"]
[White "Bala kannamma.P"]
[Black "Cannon, Raymond C"]
[Result "1/2-1/2"]
[WhiteElo "1927"]
[BlackElo "2024"]
[WhiteFideId "5081432"]
[BlackFideId "408018"]
[EventDate "2011.12.03"]

1. e4 d6 2. d4 Nf6 3. Nc3 g6 4. Nf3 Bg7 5. Bd3 O-O 6. O-O Nc6 7. h3 Nd7 8. Be3
e5 9. Bc4 exd4 10. Nxd4 Nce5 11. Be2 Nb6 12. f4 Bh6 13. Bc1 Nc6 14. Nxc6 bxc6
15. f5 Bg7 16. Bd3 Nd7 17. Be3 Rb8 18. Rb1 a5 19. Qd2 Ne5 20. Bg5 f6 21. Bh6 Qe7
22. Bxg7 Qxg7 23. Ne2 gxf5 24. exf5 Qg5 25. Qxa5 Nxd3 26. cxd3 Qe3+ 27. Rf2 Rb5
28. Qxc7 Rxf5 29. Rf1 Ba6 30. g4 Rxf2 31. Rxf2 Bxd3 32. Nc3 Qg3+ 33. Rg2 Qe1+
34. Kh2 Qe5+ 35. Kg1 Qc5+ 36. Kh2 Re8 37. g5 fxg5 38. Qd7 Qe5+ 39. Kh1 Rf8 40.
Qxc6 Rf1+ 41. Rg1 Rf2 42. Rg2 Rf1+ 43. Rg1 Rf7 44. Qd5 Qxd5+ 45. Nxd5 Be4+ 46.
Kh2 Rf2+ 47. Kg3 Rf3+ 48. Kh2 Rf2+ 49. Kg3 1/2-1/2

[Event "London Classic FIDE Open"]
[Site "London ENG"]
[Date "2011.12.09"]
[Round "7"]
[White "Homolka, Vincent"]
[Black "Frank-Nielsen, Marie"]
[Result "1/2-1/2"]
[BlackTitle "WFM"]
[WhiteElo "1859"]
[BlackElo "2015"]
[WhiteFideId "423033"]
[BlackFideId "1409344"]
[EventDate "2011.12.03"]

1. e4 c5 2. Nc3 Nc6 3. g3 g6 4. Bg2 Bg7 5. d3 d6 6. Be3 b5 7. Qd2 b4 8. Nd1 Rb8
9. Ne2 e6 10. O-O Nge7 11. Bh6 O-O 12. Bxg7 Kxg7 13. Ne3 h5 14. f4 Nd4 15. c3
Nxe2+ 16. Qxe2 bxc3 17. bxc3 Qa5 18. Qc2 Bd7 19. Nc4 Qa6 20. e5 Nf5 21. exd6 Bb5
22. Be4 Nxd6 23. Nxd6 Qxd6 24. Rfd1 Rfc8 25. Rab1 Qa6 26. Qd2 Ba4 1/2-1/2

[Event "London Classic FIDE Open"]
[Site "London ENG"]
[Date "2011.12.09"]
[Round "7"]
[White "Bryant, Jon"]
[Black "Jones, Steven A"]
[Result "0-1"]
[WhiteElo "2012"]
[BlackElo "1878"]
[WhiteFideId "416703"]
[BlackFideId "419630"]
[EventDate "2011.12.03"]

1. d4 Nf6 2. Nf3 e6 3. g3 b5 4. Bg2 Bb7 5. O-O d6 6. b3 Nbd7 7. Bb2 Be7 8. Nbd2
O-O 9. c4 b4 10. Qc2 c5 11. e3 h6 12. a4 Qc7 13. Rac1 Rac8 14. Qb1 Qb8 15. Ne1
Bxg2 16. Kxg2 Qb7+ 17. Kg1 cxd4 18. Bxd4 e5 19. Bb2 Nh7 20. e4 Nc5 21. f3 Bg5
22. f4 Bd8 23. fxe5 Bb6 24. a5 Nxb3+ 25. axb6 Nxd2 26. Qd3 Nxf1 27. exd6 Nxg3
28. hxg3 Qxb6+ 29. Qd4 Qxd4+ 30. Bxd4 Ng5 31. e5 b3 32. Kf2 Ne4+ 33. Ke3 Nxg3
34. Nd3 Nf5+ 35. Ke4 Nxd4 36. Kxd4 a5 37. c5 a4 38. c6 a3 39. c7 b2 40. Nxb2
axb2 41. Rb1 Rxc7 42. dxc7 Rc8 43. Rxb2 Rxc7 44. Ke4 g6 45. Kf4 Rc4+ 46. Kg3 Kf8 0-1